000 00704nam a2200229Ia 4500
001 10679
003 GE_BSU
008 181216s||||||||xx |||||||||||||| ||und||
040 _cGE_BSU
080 _a821.353.1-1
100 _aფორჩხიძე,შალვა
245 _aცისფერ გზაზე.
245 _bლექსები
245 _cრედ.გ.ხუხაშვილი;მხატვ.შ.ნიორაძე.
260 _aთბილისი.
260 _bსახელგამი.
260 _c1954.
300 _a141გვ;20სმ.
300 _e1ფურც.პორტრ.
653 _aცისფერ გზაზე.
942 _cBK
999 _c43930
_d43930